Indian Prime Ministers/ (Record no. 185686)

MARC details
000 -LEADER
fixed length control field 00532nam a22001817a 4500
005 - DATE AND TIME OF LATEST TRANSACTION
control field 20220218114609.0
010 ## - LCCN (DPL NO)
LC control number ENG-131458
020 ## - INTERNATIONAL STANDARD BOOK NUMBER
International Standard Book Number 978819027337
Terms of availability 350.00
035 ## - SYSTEM CONTROL NUMBER
System control number EN-114990
037 ## - SOURCE OF ACQUISITION
Source of stock number/acquisition DBAD
082 ## - DEWEY DECIMAL CLASSIFICATION NUMBER
Classification number 954.099
100 ## - MAIN ENTRY--PERSONAL NAME
Personal name Tiwari, Reema
245 ## - TITLE STATEMENT
Title Indian Prime Ministers/
Statement of responsibility, etc Reema Tiwari
260 ## - PUBLICATION, DISTRIBUTION, ETC. (IMPRINT)
Place of publication, distribution, etc Delhi
Name of publisher, distributor, etc Excel Publication
Date of publication, distribution, etc 2020
270 ## - ADDRESS
Address 518/6B, 1st Floor, Karkari Road, Vishwas Nagar, Shahdara
City Delhi
Postal code 110032
300 ## - PHYSICAL DESCRIPTION
Extent 216p.
Dimensions 22cm(hbk)
942 ## - ADDED ENTRY ELEMENTS (KOHA)
Source of classification or shelving scheme Dewey Decimal Classification
Item type English Books
Classification part 954.099
Call number suffix TIW
Holdings
Withdrawn status Lost status Not for loan Collection code Home library Current library Date acquired Source of acquisition Cost, normal purchase price Full call number Barcode Copy number Cost, replacement price Koha item type
      Non-fiction Ashok Vihar Ashok Vihar 08/02/2022 DBAD/PUB 350.00 954.099 TIW EN-114990 1 350.00 English Books

© Delhi Public Library
Hit Counter
free hit counter